000 01323nam a2200241Ia 4500
999 _c54947
_d54947
001 22018
003 GE_BSU
005 20220927121608.0
008 181216s ||||ge |||||||||||||| ||geo||
040 _cGE_BSU
041 _ageo
080 _a821.09(075.8) ნ-62
100 _aნიკოლაიშვილი, დარინე
_914846
245 _aსაზღვარგარეთული ლიტერატურის ისტორია V-XX საუკუნეები :
_bმოკლე კურსი დამხმარე სახელმძღვ. პედაგოგიური კოლეჯის სტუდენტებისათვის /
_cდარინე ნიკოლაიშვილი ; რედ. თ. ჭანტურიშვილი.
264 _aბათუმი :
_bლამპარი-99,
_c2000.
300 _a352 გვ. ;
_c19 სმ.
504 _aბიბლიოგრაფია გვ. :347-348
541 _h8ლ.
653 _aლიტერატურა
653 _aსაზღვარგარეთული ლიტერატურის ისტორია V-XX საუკუნეები
700 _aჭანტურიშვილი, თ.
_eრედაქტორი
_914847
942 _cBK
_2udc